Accounting for derivatives: advanced hedging under IFRS 9
Guardat en:
| Autor principal: | |
|---|---|
| Format: | Llibre |
| Idioma: | anglès |
| Publicat: |
Chichester
John Wiley and Sons, Ltd
2015
|
| Edició: | 2a. ed |
| Matèries: | |
| Etiquetes: |
Afegir etiqueta
Sense etiquetes, Sigues el primer a etiquetar aquest registre!
|
MARC
| LEADER | 00000cam a2200000 a 4500 | ||
|---|---|---|---|
| 001 | UCC8778 | ||
| 003 | CL-VaPUC | ||
| 005 | 20210507001445.0 | ||
| 008 | 190814e20150000uk |||||||||||||||||eng|d | ||
| 020 | |a 9781118817971 | ||
| 040 | |c Pontificia Universidad Católica de Valparaíso | ||
| 082 | 0 | 4 | |a 657.7 |b RAM |2 21 |
| 100 | 0 | |a Ramírez, Juan |e author |9 174 | |
| 245 | 1 | 0 | |a Accounting for derivatives: advanced hedging under IFRS 9 |
| 250 | |a 2a. ed | ||
| 260 | |a Chichester |b John Wiley and Sons, Ltd |c 2015 | ||
| 300 | |a 770 p | ||
| 583 | |a last modification |c 20190814 14:59:00 |k Rodrigo Vera | ||
| 650 | 7 | |a ESTADOS DE CUENTA |2 CL-VaPUC |9 351602 | |
| 650 | 0 | |a Contabilidad |9 261430 | |
| 650 | 0 | |a Administración financiera |9 261146 | |
| 650 | 0 | |a Planificación financiera |9 334413 | |
| 942 | |c BK | ||
| 945 | |d 20190814 14:59:00 |a dcastane | ||
| 999 | |c 375029 |d 375027 | ||
| 952 | |0 0 |1 0 |3 erd |4 0 |6 657_700000000000000_RAM_2015 |7 0 |8 A |9 493880 |a BIBGIM |b BIBGIM |i 5557283 |o 657.7 RAM 2015 |p 5557283 |r 2025-01-15 |w 2019-11-24 |y BK |z Catalogado en:20190814 |k COM | ||
| 952 | |0 0 |1 0 |3 erd |4 0 |6 657_700000000000000_RAM_2015 |7 0 |8 A |9 493881 |a BIBGIM |b BIBGIM |i 5557275 |o 657.7 RAM 2015 |p 5557275 |r 2025-01-15 |w 2019-11-24 |y BK |z Catalogado en:20190814 |k COM | ||